|
|
|
|
| LEADER |
01543nam a2200385 a 4500 |
| 001 |
000707007 |
| 003 |
CZ BrMZK |
| 005 |
20201006073605.0 |
| 007 |
ta |
| 008 |
040225s2003 xr a f 000 0 cze d |
| 015 |
|
|
|a cnb001304290
|
| 020 |
|
|
|a 80-86802-01-9
|q (kroužková vazba)
|
| 035 |
|
|
|a (OCoLC)56851243
|
| 040 |
|
|
|a BOA001
|b cze
|
| 043 |
|
|
|a e-xr---
|
| 072 |
|
7 |
|a 712
|x Plánování krajiny. Parky. Zahrady
|2 Konspekt
|9 24
|
| 080 |
|
|
|a 712.26
|2 MRF
|
| 080 |
|
|
|a 712.26:728.82
|2 MRF
|
| 080 |
|
|
|a 911.53
|2 MRF
|
| 080 |
|
|
|a (437.3)
|2 MRF
|
| 080 |
|
|
|a (062.534)
|2 MRF
|
| 245 |
0 |
0 |
|a Historické zahrady, parky a kulturní krajina - Severní Čechy 2003 :
|b [sborník vydaný u příležitosti konání odborného semináře ve dnech 24.-26.9.2003 v České Lípě]
|
| 260 |
|
|
|a Hrdějovice :
|b Agentura Bonus,
|c [2003?]
|
| 300 |
|
|
|a 48 s. :
|b il. ;
|c 30 cm
|
| 500 |
|
|
|a Podnázev z tiráže
|
| 500 |
|
|
|a Vydavatel: Národní památkový ústav. Územní odborné pracoviště v Ústí nad Labem
|
| 504 |
|
|
|a Obsahuje bibliografii
|
| 650 |
0 |
7 |
|a historické zahrady
|7 ph120734
|z Česko
|2 czenas
|
| 650 |
0 |
7 |
|a zámecké parky
|7 ph116799
|z Česko
|2 czenas
|
| 650 |
0 |
7 |
|a kulturní krajina
|7 ph122025
|z Česko
|2 czenas
|
| 655 |
|
7 |
|a sborníky konferencí
|7 fd133333
|2 czenas
|
| 710 |
2 |
|
|a Národní památkový ústav.
|b Územní odborné pracoviště v Ústí nad Labem
|7 kn20031105007
|
| 910 |
|
|
|a BOA001
|b 4-1130.405
|
| 990 |
|
|
|a BK
|
| 996 |
6 |
|
|b 2610214649
|c 4-1130.405
|l MZK
|r Sklad / do 1 hodiny
|n 12
|p p.v.
|w 000707007
|u 000010
|a 1
|e BOA001
|j MZK50
|s P
|